Использование наночастиц диоксида циркония в качестве ингибитора коррозии; Перспективы развития фундаментальных наук; Т. 2 : Химия

Podrobná bibliografie
Parent link:Перспективы развития фундаментальных наук=Prospects of Fundamental Sciences Development: сборник научных трудов XVI Международной конференции студентов, аспирантов и молодых ученых, г. Томск, 23-26 апреля 2019 г./ Национальный исследовательский Томский политехнический университет (ТПУ) ; под ред. И. А. Курзиной, Г. А. Вороновой.— , 2019
Т. 2 : Химия.— 2019.— [С. 84-86]
Hlavní autor: Егамкулов М. Е.
Korporativní autor: Национальный исследовательский Томский политехнический университет Инженерная школа новых производственных технологий Отделение материаловедения
Další autoři: Головина Е. Ю. (научный руководитель), Шевченко И. Н., Лямина Г. В. Галина Владимировна
Shrnutí:Заглавие с экрана
The research is devoted to the effect of zirconium oxide nanoparticles on the protective effect of organic inhibitors (thiourea) when steel is corroded in various environments. The object of the study were steel brands U8A and 440S. A mixture of acid solutions (HNO3 and HCl) and 1M HCl were chosen as corrosive media. Based on the analysis of gravimetric method, it was found that nanoparticles increase the corrosion resistance of steel labels in 1M HCl, as well as in a mixture of acid solutions, while the inhibitor works more effectively for low-alloy steel. The preliminary heat treatment of samples with a protective layer deposited on their surface significantly increases the corrosion resistance.
Jazyk:ruština
Vydáno: 2019
Témata:
On-line přístup:http://earchive.tpu.ru/handle/11683/55884
Médium: MixedMaterials Elektronický zdroj Kapitola
KOHA link:https://koha.lib.tpu.ru/cgi-bin/koha/opac-detail.pl?biblionumber=629742

MARC

LEADER 00000n a2a2200000 4500
001 629742
005 20231101133557.0
035 |a (RuTPU)RU\TPU\conf\30498 
035 |a RU\TPU\conf\30492 
090 |a 629742 
100 |a 20190924d2019 k y0rusy50 ca 
101 0 |a rus  |d eng 
102 |a RU 
105 |a y z 100zy 
135 |a drcn ---uucaa 
181 0 |a i  
182 0 |a b 
200 1 |a Использование наночастиц диоксида циркония в качестве ингибитора коррозии  |d Use of zirconium dioxide nanoparticles as a corrosion inhibitor  |f М. Е. Егамкулов, Е. Ю. Головина, И. Н. Шевченко  |g науч. рук. Г. В. Лямина 
203 |a Текст  |c электронный 
230 |a 1 компьютерный файл (pdf; 213 Kb) 
300 |a Заглавие с экрана 
320 |a [Библиогр.: с. 86 (3 назв.)] 
330 |a The research is devoted to the effect of zirconium oxide nanoparticles on the protective effect of organic inhibitors (thiourea) when steel is corroded in various environments. The object of the study were steel brands U8A and 440S. A mixture of acid solutions (HNO3 and HCl) and 1M HCl were chosen as corrosive media. Based on the analysis of gravimetric method, it was found that nanoparticles increase the corrosion resistance of steel labels in 1M HCl, as well as in a mixture of acid solutions, while the inhibitor works more effectively for low-alloy steel. The preliminary heat treatment of samples with a protective layer deposited on their surface significantly increases the corrosion resistance. 
461 1 |0 (RuTPU)RU\TPU\conf\30347  |t Перспективы развития фундаментальных наук  |l Prospects of Fundamental Sciences Development  |o сборник научных трудов XVI Международной конференции студентов, аспирантов и молодых ученых, г. Томск, 23-26 апреля 2019 г.  |o в 7 т.  |f Национальный исследовательский Томский политехнический университет (ТПУ) ; под ред. И. А. Курзиной, Г. А. Вороновой  |d 2019 
463 1 |0 (RuTPU)RU\TPU\conf\30349  |t Т. 2 : Химия  |v [С. 84-86]  |d 2019 
510 1 |a Use of zirconium dioxide nanoparticles as a corrosion inhibitor  |z eng 
610 1 |a электронный ресурс 
610 1 |a труды учёных ТПУ 
610 1 |a наночастицы 
610 1 |a диоксид циркония 
610 1 |a ингибиторы 
610 1 |a коррозия 
610 1 |a тиомочевина 
610 1 |a коррозионная стойкость 
610 1 |a стали 
700 1 |a Егамкулов  |b М. Е. 
701 1 |a Головина  |b Е. Ю. 
701 1 |a Шевченко  |b И. Н. 
702 1 |a Лямина  |b Г. В.  |c химик  |c доцент Томского политехнического университета, кандидат химических наук  |f 1974-  |g Галина Владимировна  |2 stltpush  |4 727 
712 0 2 |a Национальный исследовательский Томский политехнический университет  |b Инженерная школа новых производственных технологий  |b Отделение материаловедения  |h 7871  |2 stltpush  |3 (RuTPU)RU\TPU\col\23508 
801 2 |a RU  |b 63413507  |c 20190926  |g RCR 
856 4 |u http://earchive.tpu.ru/handle/11683/55884 
942 |c BK